000 00260nam a2200109Ia 4500
008 190216s9999||||xx |||||||||||||| ||und||
100 _aKurup
245 0 _aJanasangya Vardanayude Prathyagadangal
260 _bBhasha Institute
650 _aBotany
942 _cBK
999 _c40466
_d40466